Southville International School and Colleges
Your cart is empty.
  • Cart
  • Lists
    Public lists Eva Luna New books Lux_list list_1
    Your lists Log in to create your own lists
  • Log in to your account
  • Your cookies
  • Search history
Southville International School and Colleges
  • Advanced search
  • Recent comments
  • Most popular
  • Libraries

Log in to your account

Log in with GOOGLE


If you do not have an external account, but do have a local account, you can still log in:

  1. Home
  2. MARC view: Modern tourism in global perspective /
Normal view MARC view ISBD view

Modern tourism in global perspective / (Record no. 23846)

[ view plain ]
MARC details
000 -LEADER
fixed length control field 00653nam a2200205 a 4500
003 - CONTROL NUMBER IDENTIFIER
control field PILC
005 - DATE AND TIME OF LATEST TRANSACTION
control field 20160224135130.0
008 - FIXED-LENGTH DATA ELEMENTS--GENERAL INFORMATION
fixed length control field 100223s19uu xx 00 eng d
020 ## - INTERNATIONAL STANDARD BOOK NUMBER
International Standard Book Number 9788183292184
050 ## - LIBRARY OF CONGRESS CALL NUMBER
Classification number G 156.5
Item number .Y12 2007
100 ## - MAIN ENTRY--PERSONAL NAME
Personal name Yaday, Vandana.
245 ## - TITLE STATEMENT
Title Modern tourism in global perspective /
Statement of responsibility, etc Vandana Yadav, Upasana Sharma.
260 ## - PUBLICATION, DISTRIBUTION, ETC. (IMPRINT)
Place of publication, distribution, etc New Delhi :
Name of publisher, distributor, etc Shree Publishers & Distributors,
Date of publication, distribution, etc 2007.
300 ## - PHYSICAL DESCRIPTION
Extent 268 pages ;
Dimensions 24 cm.
500 ## - GENERAL NOTE
General note Includes appendices, bibliographical references and indexes.
650 ## - SUBJECT ADDED ENTRY--TOPICAL TERM
Topical term or geographic name as entry element Tourism
General subdivision Developing countries.
700 ## - ADDED ENTRY--PERSONAL NAME
Personal name Sharma, Upasana.
942 ## - ADDED ENTRY ELEMENTS (KOHA)
Koha item type Books
Source of classification or shelving scheme Library of Congress Classification
Call number prefix Foreign
Holdings
Withdrawn status Lost status Source of classification or shelving scheme Damaged status Home library Current library Shelving location Date acquired Source of acquisition Cost, normal purchase price Total Checkouts Full call number Barcode Date last seen Copy number Price effective from Koha item type
    Library of Congress Classification   College Library College Library General Circulation Section 07/21/2010 Library Fund 2125.00   G 156.5 .Y12 2007 C11021 05/15/2018 1 10/18/2013 Books

Modern tourism in global perspective /

APA

Yaday V., Sharma U., . (2007). Modern tourism in global perspective. New Delhi: Shree Publishers & Distributors.

Chicago

Yaday Vandana, Sharma Upasana, . 2007. Modern tourism in global perspective. New Delhi: Shree Publishers & Distributors.

Harvard

Yaday V., Sharma U., . (2007). Modern tourism in global perspective. New Delhi: Shree Publishers & Distributors.

MLA

Yaday Vandana, Sharma Upasana, . Modern tourism in global perspective. New Delhi: Shree Publishers & Distributors. 2007.

  • Place hold
  • Print
  • Cite
  • Add to your cart (remove)
  • Save record
    BIBTEX Dublin Core MARCXML MARC (non-Unicode/MARC-8) MARC (Unicode/UTF-8) MARC (Unicode/UTF-8, Standard) MODS (XML) RIS
  • More searches
    Search for this title in:
    Other Libraries (WorldCat) Other Databases (Google Scholar) Online Stores (Bookfinder.com) Open Library (openlibrary.org)

Exporting to Dublin Core...

SOUTHVILLE LIBRARY

Southville International School and Colleges Library

1281 Tropical Ave. Cor. Luxembourg St., BF Homes International, Las Pinas City

Tel. No. 8256374 / 252358 Loc. 117/146

Powered by Koha